| 000 | 00789nam a2200229 a 4500 | ||
|---|---|---|---|
| 001 | 14150 | ||
| 003 | BD-JhCC | ||
| 005 | 20250130103959.0 | ||
| 008 | 250130b1997 b |||| ||a| 000 0 b d | ||
| 020 | _a9841801582 | ||
| 035 | _a(BD-JhCC)14150 | ||
| 040 |
_aBD-JhCC _dBD-JhCC |
||
| 041 | _aBengali | ||
| 082 |
_a891.4409 _bSAY 1997 |
||
| 100 | _aসায়ীদ,আবদুল্লাহ আবু | ||
| 245 |
_aআমার অনুভূমিতে বিশ্বসাহিত্য কেন্দ্র / _cআবদুল্লাহ আবু সায়ীদ । |
||
| 260 |
_aঢাকা: _bবিশ্বসাহিত্য কেন্দ্র, _c1997. |
||
| 300 |
_a108 p. : _c22 cm |
||
| 651 | _a Bengali literature. | ||
| 942 |
_2ddc _cBK |
||
| 999 |
_c14150 _d14150 |
||